Quiz sur la région Rhône-Alpes - Statistiques

Statistiques générales
  • Ce quiz a été pris 169 fois
  • Le résultat moyen est 10 sur 20
Statistiques - réponses
Question Réponse % Correct
Chef-lieu Lyon
99%
Nombre de départements qui la composent 8
94%
Région avec laquelle elle a fusionné le 1er janvier 2016 Auvergne
88%
Point culminant Mont Blanc (4809 mètres)
81%
Nom donné aux restaurants typiques lyonnais Bouchons lyonnais
78%
Écrivain et aviateur, ayant écrit le livre le plus traduit au monde après la Bible, qui passait ses vacances dans l'Ain Antoine de Saint-Exupéry
73%
Plus grand lac Lac Léman
72%
Seul club rhônalpin, autre que l'OL, a avoir gagné la Ligue 1 L'ASSE
68%
Plat typiquement savoyard à base de fromage fondu Fondue savoyarde
55%
Ancienne province du duché de Savoie, très campagnarde, connue pour ses poulets Bresse
54%
Lac savoyard qui inspira Lamartine pour un poème à sa femme Lac du Bourget
47%
Écrivain naît à Grenoble, ayant notamment écrit La Chartreuse de Parme Stendhal
42%
Ancienne province du Saint-Empire germanique tirant son nom du fils du roi Dauphiné
39%
Animal très présent dans les Alpes, son nom scientifique signifie "Chèvre bouquetin" Bouquetin
38%
Célèbre "palais" construit à Hauterives, dans la Drôme Le Palais idéal du facteur Cheval
37%
Spécialité culinaire du ^^ produite principalement près de Romans-sur-Isère Ravioles du Dauphiné
32%
Grotte ardéchoise découverte en 1994, située au-dessus des gorges de l'Ardèche Grotte Chauvet
23%
Plus grande forêt Forêt du Vercors (1250 km²)
6%
Évènement de la Seconde Guerre mondiale où la Gestapo a arrêté 44 enfants d'une colonie de vacances Les enfants d'Izieu
4%
Fruit produit à Anneyron, dans la Drôme Nectarine
4%
Aucun quiz correspondant
Distribution des résultats
% des personnes avec chaque résultat
Percentile par nombre de réponses
Votre historique - résultats
Vous n’avez pas pris ce quiz